000 00845nam a22002177a 4500
999 _c5966
_d5966
003 AR-CdUCM
008 190313b ||||| |||| 00| 0 spa d
040 _aMUNICIPALIDAD PROVINCIAL DEL CUSCO
_cBIBLIOTECA MUNICIPAL DEL CUSCO
082 _a985.009 /
_bV63
245 _aManuel L. de Vidaurre; Mateo Pumacahua /
_cAlfonso Pérez Bonany; Sara Hamann de Cisneros
260 _aLima :
_bUniversitaria,
_c1964.
300 _a143 páginas ;
_c20 cm.
440 _aBiblioteca hombres del Perú
_n : 16
_917494
440 _aSegunda serie
_916781
500 _aDonación de la familia Nieto
505 _aContenido: Plan del Perú -- Memorias sobre la pacificación de la America meridional -- Cacique de chincheros...
700 _aPérez Bonany Alfonso
_917495
700 _aHamann de Cisneros Sara
_92162
942 _2ddc
_cLIBROS
945 _aLiseth